000 00898nam a22002651u 4500
001 05494
003 HDC
007 cr bn ---
008 210120p xx fo d 00 engg
040 _aHDC
100 _aDato' Dr. Ismail Ibrahim
_95745
245 0 _aFACETS OF HALAL INDUSTRY /
_cby Dato' Dr. Ismail Ibrahim
260 _a[No place] :
_bMalaysian Palm Oil Board (MPOB),
_c2010
300 _a34 pages :
_bIllustrations
336 _atext
_2rdacontent
337 _acomputer
_2rdamedia
338 _aonline resource
_2rdacarrier
650 _aHalal food
_zMalaysia
_9332
650 _aHalal industry
_9144
650 _aPrinciples of halal
_95746
856 _zRequest full-text at [email protected]
942 _2lcc
942 _cSLIDE
942 _kSLID 000418
999 _c2818
_d2818